10 plus grands états des Etats-Unis par le périmètre - Statistiques

Statistiques générales
  • Ce quiz a été pris 767 fois
  • Le résultat moyen est 5 sur 10
Statistiques - réponses
km Etat % Correct
9 879 Texas
97%
7 389 Californie
94%
57 038 Alaska
83%
14 316 Floride
71%
6 516 Washington
52%
6 966 Michigan
47%
6 836 Maine
21%
13 787 Louisiane
20%
7 019 Caroline du Nord
19%
7 257 Virginie
16%
Aucun quiz correspondant
Distribution des résultats
% des personnes avec chaque résultat
Percentile par nombre de réponses
Votre historique - résultats
Vous n’avez pas pris ce quiz